[Event "AUTO-INT-586"]
[Site "http://www.queenalice.com/game.php?id=259846"]
[Date "2007.8.22"]
[Round "1"]
[White "janetdjm"]
[Black "segat"]
[Result "1-0"]
[WhiteElo "1680"]
[BlackElo "1510"]

1. e4 e5 2. Nf3 Nf6 3. Nc3 Nc6 4. Bb5 a6 5. Ba4 b5 6. Bb3 h6 7. d3 b4 8. Na4 g5
9. c3 Bd6 10. h3 Na5 11. cxb4 Nxb3 12. Qxb3 Rb8 13. a3 O-O 14. h4 g4 15. Ng1 h5
16. Bg5 Bb7 17. f3 Qe7 18. fxg4 hxg4 19. h5 Qe6 20. Qc2 Ne8 21. h6 Nf6 22. Bxf6
Qxf6 23. h7+ Kg7 24. Qd2 Rh8 25. Qe2 Rxh7 26. Qxg4+ Kf8 27. Rxh7 Ke7 28. Ke2 Bc6
29. Rf1 Qe6 30. Qxe6+ dxe6 31. Rfxf7+ Kd8 32. Nc5 Ke8 33. Nxe6 Bxb4 34. axb4
Rxb4 35. Rf8# 1-0

[Event "AUTO-INT-586"]
[Site "http://www.queenalice.com/game.php?id=259847"]
[Date "2007.8.22"]
[Round "1"]
[White "segat"]
[Black "janetdjm"]
[Result "0-1"]
[WhiteElo "1430"]
[BlackElo "1702"]

1. e4 e5 2. Nf3 Nc6 3. Nc3 Nf6 4. Bd3 Bc5 5. O-O d5 6. exd5 Nxd5 7. b4 Ndxb4 8.
Bc4 Qf6 9. Nd5 Nxd5 10. Bxd5 e4 11. d4 exf3 12. dxc5 Qxa1 13. Qxf3 O-O 14. Bg5
Qe5 15. Bf4 Qf6 16. g3 Bh3 17. Re1 g5 18. g4 Qxf4 19. Qxh3 Ne5 20. Bxb7 Rae8 21.
c6 Nf3+ 22. Kf1 Rxe1+ 23. Kg2 Rg1# 0-1

[Event "Amistoso"]
[Site "http://www.queenalice.com/game.php?id=260306"]
[Date "2007.8.23"]
[Round "-"]
[White "janetdjm"]
[Black "DenisDiaz"]
[Result "0-1"]
[WhiteElo "1707"]
[BlackElo "1906"]

1. e4 c5 2. Nc3 e6 3. d3 Nc6 4. Nf3 g6 5. b3 Bg7 6. Bb2 Nge7 7. Rb1 O-O 8. Be2
a6 9. O-O b5 10. a3 Bb7 11. Re1 Re8 12. Bf1 d5 13. exd5 Nxd5 14. Nxd5 Qxd5 15.
Bxg7 Kxg7 16. c4 Qd6 17. Qd2 f6 18. Re2 e5 19. Rbe1 Rad8 20. cxb5 axb5 21. Qc2
Nd4 22. Nxd4 cxd4 23. b4 Rc8 24. Qb3 Rc3 25. Qb2 Bd5 26. Rc2 Rec8 27. Rxc3 Rxc3
28. Ra1 Qc6 29. f3 Bb3 30. h3 Ba4 31. Re1 g5 32. Kh2 Rc2 33. Qb1 Qc3 34. Qa1 Qd2
35. Rd1 Qf2 36. Rc1 Ra2 37. Rc7+ Kg6 38. Qc1 Qxf3 39. Ra7 Qf4+ 40. Qxf4 gxf4 41.
Kg1 Rxa3 42. Be2 Rb3 43. Bf3 Rxb4 44. Be4+ f5 45. Bd5 h5 46. Ra6+ Kg5 47. Kf2
Rb2+ 48. Kf1 Rd2 49. Ra8 Rxd3 50. Rg8+ Kh4 51. Be6 Rg3 52. Rxg3 Kxg3 53. Bxf5 b4
54. Bb1 Bb5+ 55. Kg1 Bc6 0-1

[Event "AUTO-INT-587"]
[Site "http://www.queenalice.com/game.php?id=260536"]
[Date "2007.8.24"]
[Round "1"]
[White "janetdjm"]
[Black "jonathanodonnell"]
[Result "1-0"]
[WhiteElo "1662"]
[BlackElo "1685"]

1. e4 e6 2. d4 d5 3. e5 c5 4. Nf3 Nc6 5. Bb5 Bd7 6. c3 Qb6 7. a4 Na5 8. Bxd7+
Kxd7 9. Nbd2 c4 10. O-O Ne7 11. Ng5 Ke8 12. Qf3 Nf5 13. Re1 Be7 14. Nh3 Kd7 15.
Nf1 Nb3 16. Ra2 h6 17. Ne3 Nxe3 18. Bxe3 Raf8 19. Nf4 Qd8 20. Ne2 Bg5 21. Nc1
Nd2 22. Qe2 Bxe3 23. Qxe3 Qg5 24. f4 Qf5 25. Qxd2 f6 26. b3 Rf7 27. a5 fxe5 28.
dxe5 Qxf4 29. Qxf4 Rxf4 30. g3 Rf3 31. Rc2 Rhf8 32. bxc4 h5 33. cxd5 h4 34. d6
hxg3 35. hxg3 R8f7 36. Nb3 Rxg3+ 37. Kh2 Rg5 38. Nc5+ Kc6 39. Nxe6 Rg4 40. Nd8+
1-0

[Event "AUTO-INT-587"]
[Site "http://www.queenalice.com/game.php?id=260537"]
[Date "2007.8.24"]
[Round "1"]
[White "jonathanodonnell"]
[Black "janetdjm"]
[Result "1-0"]
[WhiteElo "1691"]
[BlackElo "1679"]

1. e4 e6 2. Nf3 d5 3. Nc3 c5 4. d4 Nc6 5. dxc5 Bxc5 6. exd5 exd5 7. Qxd5 Qb6 8.
Ne4 Bb4+ 9. c3 Be7 10. Nfg5 Nh6 11. Bc4 Be6 12. Nxe6 fxe6 13. Qxe6 Na5 14. Qxb6
axb6 15. Bxh6 gxh6 16. Bb5+ Nc6 17. Rd1 Rxa2 18. b4 Rf8 19. O-O Rf5 20. Bc4 Rf4
21. Bxa2 Rxe4 22. Rfe1 Rxe1+ 23. Rxe1 Kf8 24. g3 Bf6 25. Re3 Ne5 26. Be6 b5 27.
f4 Nc4 28. Bxc4 bxc4 29. h4 h5 30. Kg2 Kf7 31. f5 Be7 32. Kf3 Kf6 33. Ke4 b6 34.
Rf3 Bd8 35. Kd4 b5 36. Kc5 Ke5 37. Kxb5 Bc7 38. f6 Bd6 39. Kxc4 Bf8 40. f7 Ke4
41. Rd3 1-0

[Event "AUTO-INT-587"]
[Site "http://www.queenalice.com/game.php?id=260538"]
[Date "2007.8.24"]
[Round "1"]
[White "janetdjm"]
[Black "dieker"]
[Result "1-0"]
[WhiteElo "1688"]
[BlackElo "1337"]

1. e4 d5 2. Nc3 d4 3. Nb1 h5 4. Bc4 Bg4 5. Nf3 Nc6 6. d3 Ne5 7. Nbd2 a6 8. h3
Be6 9. Nxe5 Bxc4 10. Ndxc4 b5 11. Qf3 f6 12. Ng6 Rh7 13. Nxf8 Kxf8 14. Qf5 Rh8
15. Ne5 Nh6 16. Ng6+ 1-0

[Event "AUTO-INT-587"]
[Site "http://www.queenalice.com/game.php?id=260539"]
[Date "2007.8.24"]
[Round "1"]
[White "dieker"]
[Black "janetdjm"]
[Result "0-1"]
[WhiteElo "1339"]
[BlackElo "1686"]

1. d3 e5 2. e4 Nc6 3. Nf3 Nf6 4. Bg5 h6 5. Be3 Bb4+ 6. c3 Ba5 7. d4 exd4 8. e5
dxe3 9. exf6 Qxf6 10. fxe3 O-O 11. b4 Bxb4 12. Nbd2 Qxc3 13. Rc1 Qxe3+ 14. Be2
Re8 15. a3 Qxa3 0-1

[Event "AUTO-INT-587"]
[Site "http://www.queenalice.com/game.php?id=260540"]
[Date "2007.8.24"]
[Round "1"]
[White "janetdjm"]
[Black "leonardo_g_assumpcao"]
[Result "1-0"]
[WhiteElo "1675"]
[BlackElo "1541"]

1. e4 e5 2. Nf3 d6 3. Nc3 c6 4. d3 Bg4 5. h3 Bxf3 6. Qxf3 Ne7 7. Be3 g6 8. Bg5
Bg7 9. Be2 O-O 10. h4 h5 11. Qe3 1-0

[Event "AUTO-INT-587"]
[Site "http://www.queenalice.com/game.php?id=260541"]
[Date "2007.8.24"]
[Round "1"]
[White "leonardo_g_assumpcao"]
[Black "janetdjm"]
[Result "0-1"]
[WhiteElo "1553"]
[BlackElo "1663"]

1. e4 e6 2. d4 d5 3. e5 c5 4. c4 Qb6 5. cxd5 exd5 6. Ne2 Nc6 7. Nec3 cxd4 8.
Nxd5 Qa5+ 9. Nbc3 dxc3 10. Bb5 cxb2+ 11. Bd2 Qd8 12. Bxc6+ bxc6 0-1

[Event "Challenge"]
[Site "http://www.queenalice.com/game.php?id=261567"]
[Date "2007.8.26"]
[Round "-"]
[White "janetdjm"]
[Black "zonszein"]
[Result "0-1"]
[WhiteElo "1663"]
[BlackElo "1993"]

1. e4 c5 2. Nc3 d6 3. d4 cxd4 4. Qxd4 Nc6 5. Qd1 Nf6 6. Bd3 g6 7. Nf3 Bg7 8. h3
O-O 9. O-O h6 10. Be3 Be6 11. Qd2 Kh7 12. a3 Qd7 13. Rfe1 Rac8 14. Bb5 a6 15.
Bxc6 bxc6 16. Rad1 Qb7 17. b4 Rfd8 18. Nd4 Bc4 19. f4 c5 20. Nf3 Nxe4 21. Nxe4
Qxe4 22. c3 Qc6 23. Qc2 cxb4 24. cxb4 Be6 25. Qxc6 Rxc6 26. Bd4 Bb3 27. Rd2 e5
28. Be3 e4 0-1

[Event "Challenge"]
[Site "http://www.queenalice.com/game.php?id=280946"]
[Date "2007.10.4"]
[Round "-"]
[White "DenisDiaz"]
[Black "janetdjm"]
[Result "1-0"]
[WhiteElo "2025"]
[BlackElo "1689"]

1. d4 e6 2. e4 d5 3. Nc3 c5 4. dxc5 Bxc5 5. exd5 exd5 6. Qxd5 Qxd5 7. Nxd5 Bb6
8. Nxb6 axb6 9. Bb5+ Nc6 10. Nf3 Bd7 11. O-O f6 12. Re1+ Kf7 13. Bf4 Nh6 14.
Bxh6 gxh6 15. a4 Rhg8 16. Rad1 Bh3 17. g3 Bg4 18. Rd3 Rgd8 19. Rxd8 Rxd8 20. Nh4
Nd4 21. Bd3 Bd7 22. b3 Kg8 23. Re4 Bc6 24. Rf4 Nxb3 25. f3 Nc5 26. Bc4+ Bd5 27.
Rd4 Ne6 28. Bxd5 1-0

[Event "Challenge"]
[Site "http://www.queenalice.com/game.php?id=282967"]
[Date "2007.10.8"]
[Round "-"]
[White "pueblamvp"]
[Black "janetdjm"]
[Result "1-0"]
[WhiteElo "1809"]
[BlackElo "1637"]

1. d4 e6 2. c4 d5 3. e3 c5 4. Nf3 Nc6 5. Nc3 Nf6 6. Be2 Qa5 7. Qd2 Bd6 8. Nb5
Qxd2+ 9. Bxd2 Ke7 10. Nxd6 Kxd6 11. dxc5+ Kxc5 12. Ng5 Ne5 13. f4 Nxc4 14. Rc1
Kb6 15. Bxc4 dxc4 16. Nxf7 Rf8 17. Ne5 Bd7 18. Nxc4+ Kb5 19. O-O Rac8 20. Nd6+
Ka6 21. Nxc8 Bxc8 22. Rc7 Ne4 23. Bb4 Rd8 24. Rfc1 Bd7 25. Rd1 Nf6 26. Be7 Kb6
27. Bxd8 Bc6 28. Rxg7+ 1-0

[Event "AUTO-ADV-686"]
[Site "http://www.queenalice.com/game.php?id=290752"]
[Date "2007.10.21"]
[Round "1"]
[White "lstratz"]
[Black "janetdjm"]
[Result "1-0"]
[WhiteElo "1956"]
[BlackElo "1640"]

1. e4 e6 2. d3 d5 3. Nd2 c5 4. g3 Nc6 5. Bg2 dxe4 6. Nxe4 Nd4 7. Nf3 Nf6 8. O-O
Be7 9. Re1 b6 10. Be3 Rb8 11. Bf4 Nxf3+ 12. Bxf3 Rb7 13. Nxf6+ Bxf6 14. Bxb7
Bxb7 15. f3 Bd4+ 16. Be3 Qf6 17. Kg2 Bxb2 18. Rb1 Bc3 19. Rf1 1-0

[Event "AUTO-ADV-686"]
[Site "http://www.queenalice.com/game.php?id=290753"]
[Date "2007.10.21"]
[Round "1"]
[White "janetdjm"]
[Black "lstratz"]
[Result "0-1"]
[WhiteElo "1686"]
[BlackElo "1951"]

1. e4 c5 2. Nc3 e6 3. Nf3 g6 4. Bc4 Ne7 5. d3 Bg7 6. e5 Nbc6 7. Bf4 O-O 8. O-O
Nf5 9. Qd2 Qc7 10. Rfe1 a6 11. a4 Nfd4 12. Nxd4 cxd4 13. Ne2 Nxe5 14. Bb3 Qb6
15. Ng3 d6 16. Bxe5 Bxe5 0-1

[Event "AUTO-ADV-686"]
[Site "http://www.queenalice.com/game.php?id=290766"]
[Date "2007.10.21"]
[Round "1"]
[White "willians"]
[Black "janetdjm"]
[Result "1-0"]
[WhiteElo "1990"]
[BlackElo "1677"]

1. e4 e6 2. d4 d5 3. e5 c5 4. c3 Nc6 5. Bb5 Qb6 6. Bxc6+ bxc6 7. Ne2 cxd4 8.
cxd4 Bb4+ 9. Nbc3 Ba6 10. Bd2 Bxe2 11. Qxe2 Qxd4 12. O-O Bxc3 13. Bxc3 Qb6 14.
Qg4 g6 15. Rac1 Nh6 16. Qg5 Nf5 17. Qf6 O-O 18. g4 Ng7 19. b3 Qd8 20. Bb4 Re8
21. Bd2 Qe7 22. Rxc6 h5 23. f3 Qf8 24. Rc7 1-0

[Event "AUTO-ADV-686"]
[Site "http://www.queenalice.com/game.php?id=290767"]
[Date "2007.10.21"]
[Round "1"]
[White "janetdjm"]
[Black "willians"]
[Result "0-1"]
[WhiteElo "1681"]
[BlackElo "1986"]

1. e4 c5 2. Nc3 Nc6 3. Nf3 e6 4. Bb5 Nge7 5. d3 g6 6. Bg5 Bg7 7. Qd2 O-O 8. Bh6
f5 9. O-O-O a6 10. Bc4 b5 11. Bb3 d5 12. exd5 Nxd5 13. Bxg7 Kxg7 14. Nxd5 exd5
15. a3 Be6 16. h4 Qf6 17. h5 f4 18. hxg6 hxg6 19. Rh2 c4 20. dxc4 dxc4 21. Ba2
c3 22. Qd6 Rad8 0-1